000 00610nam a22001937a 4500
003 KOHA_MİRAKIL
005 20260330104013.0
008 260330b tu ||||| |||| 00| 0 tur d
020 _a9786057006059
040 _aTR-AnABB
_btur
_cTR-AnABB
041 _atur
082 _a956.22601543
_b ALS 2021
100 1 _aAlsan, Zeki Mesud
245 1 0 _ahürriyet pervanesi :
_bİstanbul ve mülkiye hatıraları 1907-1910
_cZeki Mesud Alsan
260 _aİstanbul :
_bAlelmas yayınları,
_c2021
300 _a310 sayfa ;
_c20 cm
650 0 4 _aanılar, Alsan Zeki Mesut, Türkiye
942 _2ddc
_cBK
999 _c10073
_d10073
900 _bCem ÖZOGLU